NFL Most Touchdowns in a Season - Statistics

General Stats
  • This quiz has been taken 57,639 times
    10,346 since last reset
  • The average score is 21 of 51
Answer Stats
Player % Correct
Tom Brady
97%
Peyton Manning
94%
Patrick Mahomes
90%
Drew Brees
81%
Lamar Jackson
80%
Aaron Rodgers
79%
George Rogers
77%
Randy Moss
76%
Terry Allen
76%
Jerry Rice
75%
Emmitt Smith
69%
LaDainian Tomlinson
69%
Joe Burrow
68%
Dan Marino
66%
Calvin Johnson
64%
Larry Johnson
62%
Matthew Stafford
60%
Rob Gronkowski
59%
Ja'Marr Chase
53%
Adrian Peterson
51%
Baker Mayfield
41%
Russell Wilson
41%
Cooper Kupp
39%
Shaun Alexander
38%
Eric Dickerson
35%
Kurt Warner
35%
Davante Adams
34%
Marshall Faulk
34%
Terrell Owens
31%
Jonathan Taylor
29%
Jim Taylor
28%
Andrew Luck
26%
DeAngelo Williams
25%
Terrell Davis
25%
Priest Holmes
23%
Cris Carter
19%
Sterling Sharpe
16%
Earl Campbell
14%
Jimmy Graham
11%
John Riggins
10%
Dez Bryant
9%
Raheem Mostert
9%
Mark Clayton
8%
Don Hutson
7%
LeGarrette Blount
7%
Joe Morris
5%
Elroy Hirsch
4%
Braylon Edwards
3%
Carl Pickens
3%
Chuck Muncie
3%
Muhsin Muhammad
3%
No matching quizzes found
Score Distribution
Percent of People with Each Score
Percentile by Number Answered
Your Score History
You have not taken this quiz since the last reset